000 00736nam a2200217 a 4500
001 000039736
005 20240412074300.0
008 130718s2013 dr r 000 p spa d
020 _a9789945429527
040 _aDO-SdBNP
_bspa
_cBNPHU
082 _aRD861.44
_bM671s
100 1 _aMir, Pedro,
_d1913-2000
_97245
245 1 0 _aSol para las doce :
_bantología poética /
_cPedro Mir ; selección y prólogo de León Félix Batista.
260 _aSanto Domingo :
_bAlfaguara,
_c2013.
300 _a94 p. ;
_c22 cm.
590 _aInventariado, 2018/BT
650 0 _aPoesía dominicana
_966
650 0 _aLiteratura dominicana.
_967
700 1 2 _aBatista, León Félix,
_d1964-
_epról.
_912031
910 _aValidado. Control de calidad. MFF
999 _c39226
_d39226